00670nam a2200193Ia 4500008004100000020001800041022001300059040001300072082002000085100001700105245006100122260004800183300003200231500006300263650003300326650004900359650003600408650003200444191130s2000##################000#0#eng## a9780521655484 a99013352 aACLcACL a306.362 097 ELT aEltis, David aThe rise of African slavery in the AmericascDavid Eltis aCambridgebCambridge University Pressc2000 axvii, 353 p. : maps ; 24 cm aIncludes bibliographical references (p. 315-338) and index aColonies - America - History aGreat Britain - Colonies - America - History aSlave trade - America - History aSlavery - America - History